| 000 | 00326nam a2200121Ia 4500 | ||
|---|---|---|---|
| 008 | 190216s9999||||xx |||||||||||||| ||und|| | ||
| 100 | _a"Paul R,Joseph E Davis,Edward L H&Amp;Mcclellan" | ||
| 245 | 0 | _aChemistry Experiment And Principles | |
| 260 |
_bOxford & I B H _c1968 |
||
| 300 | _a447p | ||
| 650 | _aChemistry | ||
| 942 | _cBK | ||
| 999 |
_c2005 _d2005 |
||